De cómo las muchachas García perdieron el acento / (Registro nro. 7608)

Detalles MARC
000 -LEADER
fixed length control field 01000nam a2200313 a 4500
001 - CONTROL NUMBER
control field 000044652
003 - CONTROL NUMBER IDENTIFIER
control field DO-SdBNP
005 - DATE AND TIME OF LATEST TRANSACTION
control field 20180214113019.0
007 - PHYSICAL DESCRIPTION FIXED FIELD--GENERAL INFORMATION
fixed length control field 000044652
008 - FIXED-LENGTH DATA ELEMENTS--GENERAL INFORMATION
fixed length control field 141211s2013 dr 000 0 spa d
020 ## - INTERNATIONAL STANDARD BOOK NUMBER
International Standard Book Number 9788466369725
040 ## - CATALOGING SOURCE
Original cataloging agency BPMSU
Language of cataloging spa
Transcribing agency BPMSU
082 04 - DEWEY DECIMAL CLASSIFICATION NUMBER
Classification number RD863.44
Item number A473c, 2009
100 1# - MAIN ENTRY--PERSONAL NAME
Personal name Álvarez, Julia,
Dates associated with a name 1950-
240 1# - UNIFORM TITLE
Uniform title <a href="How the García girls host their accent.">How the García girls host their accent.</a>
Language of a work Español.
245 13 - TITLE STATEMENT
Title De cómo las muchachas García perdieron el acento /
Statement of responsibility, etc. Julia Álvarez ; traducción Mercedes Guhl.
250 ## - EDITION STATEMENT
Edition statement 2a ed.
260 ## - PUBLICATION, DISTRIBUTION, ETC. (IMPRINT)
Place of publication, distribution, etc. Santo Domingo :
Name of publisher, distributor, etc. Santillana,
Date of publication, distribution, etc. 2013.
300 ## - PHYSICAL DESCRIPTION
Extent 345 p. ;
Dimensions 19 cm.
490 1# - SERIES STATEMENT
Series statement Punto de lectura
Volume/sequential designation 332
650 ## - SUBJECT ADDED ENTRY--TOPICAL TERM
Topical term or geographic name as entry element NOVELA DOMINICANA
650 ## - SUBJECT ADDED ENTRY--TOPICAL TERM
Topical term or geographic name as entry element LITERATURA DOMINICANA
700 1# - ADDED ENTRY--PERSONAL NAME
Personal name Guhl, Mercedes,
Relator term tr.
830 #0 - SERIES ADDED ENTRY--UNIFORM TITLE
Uniform title Punto de lectura
Number of part/section of a work 332
910 ## - USER-OPTION DATA (OCLC)
User-option data Validado. Control de calidad MFF
942 ## - ADDED ENTRY ELEMENTS (KOHA)
Source of classification or shelving scheme Dewey Decimal Classification
Koha item type Libros
945 ## - LOCAL PROCESSING INFORMATION (OCLC)
a Título remanejado para la BNPHU / 2018 VM
956 ## - LOCAL ELECTRONIC LOCATION AND ACCESS (OCLC)
Host name VMATEO
Access number 10
Compression information 20160469
Logon BPMSU
Processor of request 0069
Existencias
Withdrawn status Lost status Source of classification or shelving scheme Damaged status Not for loan Collection code Home library Current library Date acquired Total Checkouts Full call number Barcode Date last seen Price effective from Koha item type Copy number
    Dewey Decimal Classification     Colección Juvenil Dominicana Biblioteca Pública Metropolitana Salomé Ureña Biblioteca Pública Metropolitana Salomé Ureña 04/10/2015   RD863.44 A473c 2009 BPMSU15041277 04/10/2015 04/10/2015 Libros  
    Dewey Decimal Classification     Colección Juvenil Dominicana Biblioteca Pública Metropolitana Salomé Ureña Biblioteca Pública Metropolitana Salomé Ureña 04/10/2015   RD863.44 A473c 2009 BPMSU15041278 04/10/2015 04/10/2015 Libros e 2
    Dewey Decimal Classification     Colección Juvenil Dominicana Biblioteca Pública Metropolitana Salomé Ureña Biblioteca Pública Metropolitana Salomé Ureña 06/10/2015   RD863.44 A473c 2009 BPMSU15080189 06/10/2015 06/10/2015 Libros e. 3